00590nam a2200157 a 450000100100000000500170001000800410002704000250006810000360009324500630012926000490019230000210024150000420026295201110030499900170041500004018720201002033953.0130814s1972 xxu 000 0 spa d aDO-SdBNPbspacBNPHU1 aRuiz del Vizo, Hortensia96645610aBlack poetry of the américas /cHortensia Ruiz del Viso. aMiami Florida :bEdiciones Universal,c1972. a176 p. ;c18 cm. aIncluye notas al pie de las páginas 001054708MOaGRbGRcCTd2013-08-14iLF1l0o p40187-10r2020-06-25w2020-06-25y4ZPréstamo en sala c39677d39677